<?xml version="1.0" encoding="UTF-8"?>
<record
    xmlns:xsi="http://www.w3.org/2001/XMLSchema-instance"
    xsi:schemaLocation="http://www.loc.gov/MARC21/slim http://www.loc.gov/standards/marcxml/schema/MARC21slim.xsd"
    xmlns="http://www.loc.gov/MARC21/slim">

  <leader>00779nam a2200181Ia 4500</leader>
  <controlfield tag="008">100921s9999    xx            000 0 und d</controlfield>
  <datafield tag="082" ind1=" " ind2=" ">
    <subfield code="b">37066</subfield>
    <subfield code="a">305.6 &#x928; 03</subfield>
  </datafield>
  <datafield tag="100" ind1=" " ind2=" ">
    <subfield code="a">&#x938;&#x93E;&#x908;&#x928;&#x93E;&#x925; &#x92A;&#x940;,&#x905;&#x928;&#x941;,&#x915;&#x930;&#x94D;&#x923;&#x93F;&#x915; &#x939;&#x947;&#x92E;&#x902;&#x924;.</subfield>
  </datafield>
  <datafield tag="245" ind1=" " ind2=" ">
    <subfield code="a">&#x926;&#x941;&#x937;&#x94D;&#x915;&#x93E;&#x933; &#x906;&#x935;&#x921;&#x947; &#x938;&#x930;&#x94D;&#x935;&#x93E;&#x902;&#x928;&#x93E;.</subfield>
  </datafield>
  <datafield tag="260" ind1=" " ind2=" ">
    <subfield code="b">&#x905;&#x915;&#x94D;&#x937;&#x930; &#x92A;&#x94D;&#x930;&#x915;&#x93E;&#x936;&#x928;, &#x92E;&#x941;&#x902;&#x92C;&#x908;.</subfield>
    <subfield code="c">2003</subfield>
  </datafield>
  <datafield tag="300" ind1=" " ind2=" ">
    <subfield code="a">352</subfield>
    <subfield code="b">&#x915;&#x932;&#x93E;&#x92D;&#x93E;&#x930;&#x924;&#x940; &#x935;&#x93F;&#x924;&#x930;&#x923;,&#x92A;&#x941;&#x923;&#x947;</subfield>
  </datafield>
  <datafield tag="365" ind1=" " ind2=" ">
    <subfield code="b">300</subfield>
  </datafield>
  <datafield tag="520" ind1=" " ind2=" ">
    <subfield code="a">&#x938;.&#x936;&#x93E;.&#x927;&#x930;&#x94D;&#x92E;-&#x938;&#x92E;&#x93E;&#x91C;&#x917;&#x91F;.</subfield>
  </datafield>
  <datafield tag="630" ind1=" " ind2=" ">
    <subfield code="a">&#x926;&#x941;&#x937;&#x94D;&#x915;&#x93E;&#x933; &#x906;&#x935;&#x921;&#x947; &#x938;&#x930;&#x94D;&#x935;&#x93E;&#x902;&#x928;&#x93E;.</subfield>
  </datafield>
  <datafield tag="650" ind1=" " ind2=" ">
    <subfield code="a">&#x938;.&#x936;&#x93E;.&#x927;&#x930;&#x94D;&#x92E;-&#x938;&#x92E;&#x93E;&#x91C;&#x917;&#x91F;.</subfield>
  </datafield>
  <datafield tag="730" ind1=" " ind2=" ">
    <subfield code="a">&#x926;&#x941;&#x937;&#x94D;&#x915;&#x93E;&#x933; &#x906;&#x935;&#x921;&#x947; &#x938;&#x930;&#x94D;&#x935;&#x93E;&#x902;&#x928;&#x93E;.</subfield>
  </datafield>
  <datafield tag="942" ind1=" " ind2=" ">
    <subfield code="c">BOOK</subfield>
  </datafield>
  <datafield tag="999" ind1=" " ind2=" ">
    <subfield code="c">786179</subfield>
    <subfield code="d">786176</subfield>
  </datafield>
  <datafield tag="952" ind1=" " ind2=" ">
    <subfield code="0">0</subfield>
    <subfield code="1">0</subfield>
    <subfield code="4">0</subfield>
    <subfield code="7">0</subfield>
    <subfield code="a">WAITILAKGS</subfield>
    <subfield code="b">WAITILAKGS</subfield>
    <subfield code="c">305.6 &#x928; 03</subfield>
    <subfield code="d">0000-00-00</subfield>
    <subfield code="g">300.00</subfield>
    <subfield code="l">0</subfield>
    <subfield code="p">WAITILAKGS-37066</subfield>
    <subfield code="r">2010-09-21 00:00:00</subfield>
    <subfield code="w">2010-09-21</subfield>
    <subfield code="y">BOOK</subfield>
    <subfield code="z">&#x926;&#x947;&#x935;&#x918;&#x947;&#x935;</subfield>
  </datafield>
</record>
